[Event "Liga Madrileña - DH 2011-2012"]
[Site "Madrid ESP"]
[Date "2012.01.22"]
[Round "7.42"]
[White "Prieto Martin, Alfonso"]
[Black "Moreno Tejera, Emilio"]
[Result "0-1"]
[WhiteElo "2158"]
[BlackElo "2319"]
[PlyCount "88"]
[EventDate "2011.11.13"]
[EventType "team"]
[EventRounds "14"]
[EventCountry "ESP"]
[Source "lmi"]
[SourceDate "2011.11.13"]
[WhiteTeam "Leganes"]
[BlackTeam "64 Villalba"]
[WhiteTeamCountry "ESP"]
[BlackTeamCountry "ESP"]

1. e4 d5 2. exd5 Nf6 3. Nc3 Nxd5 4. Bc4 Be6 5. Qf3 c6 6. Nxd5 Bxd5 7. Bxd5 Qxd5
8. Qxd5 cxd5 9. d4 Nc6 10. c3 e6 11. Bf4 Be7 12. Nf3 f6 13. h4 Kf7 14. O-O Rhc8
15. Rfe1 b5 16. Re3 Na5 17. Rae1 Rc6 18. Nd2 Bf8 19. b4 Nc4 20. Nxc4 Rxc4 21.
Rxe6 Rxc3 22. Bd6 Rc6 23. Re7+ Kg8 24. Bc5 Bxe7 25. Rxe7 Ra6 26. Rd7 Rxa2 27.
Rxd5 a5 28. bxa5 R2xa5 29. Rd7 Rb8 30. Bd6 Rc8 31. Bc5 Ra1+ 32. Kh2 Raa8 33.
Re7 Re8 34. Rd7 Rab8 35. Ba7 b4 36. Bxb8 Rxb8 37. Ra7 b3 38. Ra1 b2 39. Rb1 Kf7
40. Kg3 Ke6 41. Kf3 Kd5 42. Ke3 Kc4 43. Kd2 Kb3 44. Kd3 Ka2 0-1

[Event "Liga Madrileña - DH 2011-2012"]
[Site "Madrid ESP"]
[Date "2012.01.22"]
[Round "7.43"]
[White "Renteria Becerra, Jorge Elicer"]
[Black "Davicce Canada, Juan Antonio"]
[Result "1-0"]
[WhiteElo "2328"]
[BlackElo "2095"]
[PlyCount "99"]
[EventDate "2011.11.13"]
[EventType "team"]
[EventRounds "14"]
[EventCountry "ESP"]
[Source "lmi"]
[SourceDate "2011.11.13"]
[WhiteTeam "64 Villalba"]
[BlackTeam "Leganes"]
[WhiteTeamCountry "ESP"]
[BlackTeamCountry "ESP"]

1. e4 c6 2. d4 d5 3. e5 c5 4. dxc5 e6 5. Qg4 Nd7 6. Nf3 Qc7 7. Bb5 Qxc5 8. Nc3
Ne7 9. Be3 Qc7 10. O-O-O a6 11. Bxd7+ Bxd7 12. Kb1 h6 13. Rhe1 O-O-O 14. Nd4
Kb8 15. f4 g6 16. Qh4 Nc6 17. Nxc6+ Bxc6 18. Qf2 Rc8 19. Bb6 Qd7 20. Ne2 Bb5
21. Nd4 Be7 22. Re3 Bc5 23. Bxc5 Rxc5 24. g4 h5 25. Rh3 Rcc8 26. gxh5 Rxh5 27.
Rxh5 gxh5 28. Qh4 Rh8 29. Qf6 Rg8 30. Qh6 Rg4 31. h3 Rg2 32. Qxh5 Qe8 33. b3
Qg8 34. a4 Bd7 35. Qf3 Rg3 36. Qh1 Qh7 37. h4 Rg4 38. h5 Rxf4 39. h6 Rg4 40.
Qh5 Rg2 41. Qh3 Rg6 42. Rh1 f5 43. exf6 Rxf6 44. Qg3+ Ka8 45. Qg7 Qe4 46. Qg8+
Ka7 47. Qg1 Rf2 48. h7 Qxd4 49. h8=Q e5 50. Qh4 1-0

[Event "Liga Madrileña - DH 2011-2012"]
[Site "Madrid ESP"]
[Date "2012.01.22"]
[Round "7.44"]
[White "Ballester de Miguel, Miguel Angel"]
[Black "Bolado Saez, Sergio"]
[Result "0-1"]
[WhiteElo "2070"]
[BlackElo "2361"]
[PlyCount "108"]
[EventDate "2011.11.13"]
[EventType "team"]
[EventRounds "14"]
[EventCountry "ESP"]
[Source "lmi"]
[SourceDate "2011.11.13"]
[WhiteTeam "Leganes"]
[BlackTeam "64 Villalba"]
[WhiteTeamCountry "ESP"]
[BlackTeamCountry "ESP"]

1. e4 c5 2. Nf3 d6 3. d4 cxd4 4. Nxd4 Nf6 5. Nc3 a6 6. Bc4 e6 7. Bb3 Be7 8. O-O
O-O 9. f4 Nbd7 10. Be3 Nc5 11. e5 dxe5 12. fxe5 Nfd7 13. Bf4 Qc7 14. Re1 b5 15.
Qg4 Rd8 16. Nd5 exd5 17. Nf5 Ne6 18. Nxe7+ Kh8 19. Nxd5 Qc5+ 20. Be3 Qf8 21.
Qg3 Bb7 22. Rad1 Ndc5 23. Nf4 Nxb3 24. Nxe6 fxe6 25. axb3 Qf5 26. Qg5 Qxg5 27.
Bxg5 Rdc8 28. c3 h6 29. Be7 a5 30. Rd4 Bd5 31. Rxd5 exd5 32. Rd1 b4 33. cxb4
axb4 34. Bxb4 Rc2 35. Ba3 Re2 36. Rxd5 Rc8 37. Bc5 Rc6 38. b4 Ra6 39. h3 Rxb2
40. Rd6 Raa2 41. Rg6 Kh7 42. Rg3 Re2 43. Bd6 g5 44. Kh2 Kg6 45. h4 Re4 46. hxg5
hxg5 47. Rb3 Ree2 48. Rg3 Rab2 49. Kg1 Kf5 50. Kh2 g4 51. Kg1 Red2 52. Kh2 Kf4
53. Bc7 Rd7 54. Rc3 g3+ 0-1

[Event "Liga Madrileña - DH 2011-2012"]
[Site "Madrid ESP"]
[Date "2012.01.22"]
[Round "7.45"]
[White "Gongora Montes, Benjamin"]
[Black "Lopez de Turiso, Jose Angel"]
[Result "1-0"]
[WhiteElo "2217"]
[BlackElo "2065"]
[PlyCount "89"]
[EventDate "2011.11.13"]
[EventType "team"]
[EventRounds "14"]
[EventCountry "ESP"]
[Source "lmi"]
[SourceDate "2011.11.13"]
[WhiteTeam "64 Villalba"]
[BlackTeam "Leganes"]
[WhiteTeamCountry "ESP"]
[BlackTeamCountry "ESP"]

1. e4 c6 2. Nc3 g6 3. h4 Bg7 4. h5 d5 5. Qf3 d4 6. Bc4 e6 7. Nb1 b5 8. Bb3 Bb7
9. d3 c5 10. a4 a6 11. Nh3 Nc6 12. Ng5 Qf6 13. Qg3 h6 14. Nh3 gxh5 15. axb5
axb5 16. Rxa8+ Bxa8 17. Na3 h4 18. Qc7 Qd8 19. Nxb5 Be5 20. Qxd8+ Kxd8 21. Bf4
Nge7 22. Nd6 Rh7 23. Nc4 Ng6 24. Nxe5 Ncxe5 25. Bd2 f5 26. f4 fxe4 27. fxe5 e3
28. Ba5+ Ke7 29. O-O Nxe5 30. Nf4 Rg7 31. Bxe6 e2 32. Ra1 Bxg2 33. Kf2 Bc6 34.
Kxe2 Ng4 35. Rg1 h5 36. Nxh5 Bf3+ 37. Kxf3 Ne5+ 38. Kf2 Rxg1 39. Kxg1 Kxe6 40.
Bd8 Ng4 41. Bxh4 Ne3 42. c4 dxc3 43. bxc3 Nd1 44. Bf6 Nb2 45. d4 1-0

[Event "Liga Madrileña - DH 2011-2012"]
[Site "Madrid ESP"]
[Date "2012.01.22"]
[Round "7.46"]
[White "Pedrajas Estepa, Manuel"]
[Black "Bermejo Arruego, Luis"]
[Result "1/2-1/2"]
[WhiteElo "2044"]
[BlackElo "2171"]
[PlyCount "38"]
[EventDate "2011.11.13"]
[EventType "team"]
[EventRounds "14"]
[EventCountry "ESP"]
[Source "lmi"]
[SourceDate "2011.11.13"]
[WhiteTeam "Leganes"]
[BlackTeam "64 Villalba"]
[WhiteTeamCountry "ESP"]
[BlackTeamCountry "ESP"]

1. e4 g6 2. d4 Bg7 3. c4 d6 4. Nc3 Nc6 5. Be3 e5 6. Nge2 exd4 7. Nxd4 Nge7 8.
Be2 O-O 9. Qd2 f5 10. exf5 Nxf5 11. Nxf5 Bxf5 12. O-O Kh8 13. Rad1 Qf6 14. Bh6
Bxh6 15. Qxh6 Nd4 16. Bd3 Bxd3 17. Rxd3 Rae8 18. Qd2 Ne6 19. Rf3 Qd4 1/2-1/2

[Event "Liga Madrileña - DH 2011-2012"]
[Site "Madrid ESP"]
[Date "2012.01.29"]
[Round "8.12"]
[White "Cesar Benavides, Juan Antonio"]
[Black "Gallego Jimenez, Victoriano"]
[Result "0-1"]
[WhiteElo "2161"]
[BlackElo "2390"]
[PlyCount "100"]
[EventDate "2011.11.13"]
[EventType "team"]
[EventRounds "14"]
[EventCountry "ESP"]
[Source "lmi"]
[SourceDate "2011.11.13"]
[WhiteTeam "Leganes"]
[BlackTeam "La Casa del Ajedrez"]
[WhiteTeamCountry "ESP"]
[BlackTeamCountry "ESP"]

1. d4 d5 2. c4 Nc6 3. Nc3 Nf6 4. Bg5 Ne4 5. Nxe4 dxe4 6. d5 e6 7. Bxd8 Bb4+ 8.
Qd2 Bxd2+ 9. Kxd2 Nxd8 10. f3 exd5 11. cxd5 O-O 12. fxe4 Re8 13. e3 Rxe4 14.
Bd3 Rg4 15. g3 c6 16. Rc1 cxd5 17. Rxc8 Rxc8 18. Bf5 Rgc4 19. Bxc8 Rxc8 20. Ne2
Ne6 21. Kd3 Kf8 22. Nc3 Rd8 23. Ne2 Ke7 24. Rc1 Kd6 25. Rc2 Nc5+ 26. Kd4 Ne6+
27. Kd3 a6 28. b4 Ke5 29. a3 f5 30. Nd4 Nxd4 31. exd4+ Kd6 32. a4 g6 33. Rc1
Rf8 34. Ke3 Re8+ 35. Kd3 Rf8 36. Ke3 g5 37. Rf1 Rf6 38. Rf2 Ke7 39. b5 axb5 40.
axb5 Re6+ 41. Kd3 Kf6 42. Rc2 f4 43. gxf4 gxf4 44. Rc7 f3 45. Rc8 Kf5 46. Rf8+
Kg4 47. Rf7 h5 48. Rxb7 Rf6 49. Rg7+ Kh3 50. Rg1 f2 0-1

[Event "Liga Madrileña - DH 2011-2012"]
[Site "Madrid ESP"]
[Date "2012.01.29"]
[Round "8.13"]
[White "Rojo Huerta, Gabriel"]
[Black "Prieto Martin, Alfonso"]
[Result "1-0"]
[WhiteElo "2355"]
[BlackElo "2158"]
[PlyCount "45"]
[EventDate "2011.11.13"]
[EventType "team"]
[EventRounds "14"]
[EventCountry "ESP"]
[Source "lmi"]
[SourceDate "2011.11.13"]
[WhiteTeam "La Casa del Ajedrez"]
[BlackTeam "Leganes"]
[WhiteTeamCountry "ESP"]
[BlackTeamCountry "ESP"]

1. d4 e6 2. c4 Nf6 3. Nf3 b6 4. a3 Ba6 5. Qc2 Be7 6. e4 d5 7. e5 Nfd7 8. cxd5
Bxf1 9. Kxf1 exd5 10. Nc3 c6 11. h4 Nf8 12. Ne2 Qc8 13. Bg5 Ne6 14. Bxe7 Kxe7
15. Ng5 h6 16. Nxe6 Qxe6 17. Rh3 Nd7 18. Nf4 Qg4 19. Rf3 g5 20. Ng6+ fxg6 21.
Qxg6 Raf8 22. Qd6+ Ke8 23. e6 1-0

[Event "Liga Madrileña - DH 2011-2012"]
[Site "Madrid ESP"]
[Date "2012.01.29"]
[Round "8.14"]
[White "Davicce Canada, Juan Antonio"]
[Black "Suarez Uriel, Adrian"]
[Result "0-1"]
[WhiteElo "2095"]
[BlackElo "2238"]
[PlyCount "106"]
[EventDate "2011.11.13"]
[EventType "team"]
[EventRounds "14"]
[EventCountry "ESP"]
[Source "lmi"]
[SourceDate "2011.11.13"]
[WhiteTeam "Leganes"]
[BlackTeam "La Casa del Ajedrez"]
[WhiteTeamCountry "ESP"]
[BlackTeamCountry "ESP"]

1. d4 Nf6 2. c4 g6 3. Nc3 d5 4. cxd5 Nxd5 5. e4 Nxc3 6. bxc3 Bg7 7. Bc4 c5 8.
Ne2 Nc6 9. Be3 O-O 10. O-O Bg4 11. f3 Bd7 12. Qd2 Qa5 13. Qb2 b5 14. Bd5 cxd4
15. cxd4 Rfc8 16. Rac1 e6 17. Bxc6 Bxc6 18. Qb3 b4 19. Rb1 Rab8 20. Rfc1 Qd8
21. Rd1 Qe8 22. Qd3 a5 23. Qd2 Bb5 24. Rbc1 Rxc1 25. Nxc1 Rc8 26. Nb3 Qd8 27.
Nc5 Bf8 28. Rc1 Qb6 29. Nb3 Rxc1+ 30. Qxc1 a4 31. Nc5 Bc6 32. d5 exd5 33. Ne6
Qa6 34. Nxf8 dxe4 35. fxe4 Qe2 36. Qd2 Qxd2 37. Bxd2 b3 38. axb3 axb3 39. Bc3
Kxf8 40. e5 Ke7 41. g3 Ke6 42. Kf2 Kf5 43. Ke3 Kg4 44. Kf2 Kh3 45. Kg1 g5 46.
Bb2 h5 47. Bc3 g4 48. Bb2 h4 49. gxh4 Kxh4 50. Kf2 Kh3 51. Kg1 Bb5 52. Bc3 g3
53. hxg3 Kxg3 0-1

[Event "Liga Madrileña - DH 2011-2012"]
[Site "Madrid ESP"]
[Date "2012.01.29"]
[Round "8.15"]
[White "Unciti Juan, Javier"]
[Black "Ballester de Miguel, Miguel Angel"]
[Result "0-1"]
[WhiteElo "2143"]
[BlackElo "2070"]
[PlyCount "82"]
[EventDate "2011.11.13"]
[EventType "team"]
[EventRounds "14"]
[EventCountry "ESP"]
[Source "lmi"]
[SourceDate "2011.11.13"]
[WhiteTeam "La Casa del Ajedrez"]
[BlackTeam "Leganes"]
[WhiteTeamCountry "ESP"]
[BlackTeamCountry "ESP"]

1. d4 Nf6 2. c4 g6 3. Nc3 Bg7 4. e4 O-O 5. Nf3 d6 6. Be2 e5 7. d5 a5 8. h3 Na6
9. Be3 Nc5 10. Nd2 Ne8 11. g4 Bd7 12. Nf1 f5 13. gxf5 gxf5 14. exf5 Bxf5 15.
Ng3 Qh4 16. Nxf5 Rxf5 17. Bg4 Rf8 18. Qd2 e4 19. Be2 a4 20. O-O-O a3 21. b4 Na4
22. Rdg1 Kh8 23. Bd4 Qf4 24. Rxg7 Nxg7 25. Rg1 Qxd2+ 26. Kxd2 Rf7 27. Nxe4 h6
28. Rg6 Kh7 29. Rf6 Rxf6 30. Nxf6+ Kg6 31. Bd3+ Kf7 32. c5 dxc5 33. bxc5 Nxc5
34. Bc4 Ra4 35. Kc3 Na6 36. Ng4 Nf5 37. Be5 Nd6 38. Bb3 Re4 39. f4 h5 40. Nf2
Re3+ 41. Kd2 Rg3 0-1

[Event "Liga Madrileña - DH 2011-2012"]
[Site "Madrid ESP"]
[Date "2012.01.29"]
[Round "8.16"]
[White "Pedrajas Estepa, Manuel"]
[Black "Collado Barbas, Laura"]
[Result "0-1"]
[WhiteElo "2044"]
[BlackElo "2078"]
[PlyCount "104"]
[EventDate "2011.11.13"]
[EventType "team"]
[EventRounds "14"]
[EventCountry "ESP"]
[Source "lmi"]
[SourceDate "2011.11.13"]
[WhiteTeam "Leganes"]
[BlackTeam "La Casa del Ajedrez"]
[WhiteTeamCountry "ESP"]
[BlackTeamCountry "ESP"]

1. e4 e6 2. d4 d5 3. e5 c5 4. c3 Qb6 5. Nf3 Nc6 6. Bd3 cxd4 7. cxd4 Bd7 8. Nc3
Nxd4 9. Nxd4 Qxd4 10. O-O a6 11. Qe2 Ne7 12. Re1 Nc6 13. a3 Be7 14. Kh1 Qb6 15.
f4 g6 16. Be3 Qc7 17. Bf2 b5 18. Rac1 Qb7 19. b4 Rc8 20. h3 Nb8 21. Bd4 Rg8 22.
Kh2 Nc6 23. Bf2 Bd8 24. Red1 Bb6 25. Bb1 Ne7 26. g4 Rc7 27. Na2 Rc4 28. Bg3
Rxc1 29. Nxc1 a5 30. bxa5 Bxa5 31. Nb3 Bb6 32. Rc1 Nc6 33. Bd3 b4 34. Ba6 Qa7
35. axb4 Nxb4 36. Bb5 Qb7 37. Bxd7+ Qxd7 38. Qd2 Nc6 39. Qc2 Ne7 40. Bh4 Qb7
41. Nc5 Qa7 42. Na4 Be3 43. Rf1 Kd7 44. Bxe7 Kxe7 45. Rf3 d4 46. Qc6 Rd8 47. f5
gxf5 48. gxf5 Qa5 49. f6+ Kf8 50. Qc5+ Qxc5 51. Nxc5 d3 52. Rf1 Bxc5 0-1

[Event "Liga Madrileña - DH 2011-2012"]
[Site "Madrid ESP"]
[Date "2012.01.29"]
[Round "8.21"]
[White "Moreno Trujillo, Alejandro"]
[Black "Granda Zuniga, Julio E"]
[Result "0-1"]
[WhiteElo "2474"]
[BlackElo "2636"]
[PlyCount "276"]
[EventDate "2011.11.13"]
[EventType "team"]
[EventRounds "14"]
[EventCountry "ESP"]
[Source "lmi"]
[SourceDate "2011.11.13"]
[WhiteTeam "64 Villalba"]
[BlackTeam "Collado Villalba"]
[WhiteTeamCountry "ESP"]
[BlackTeamCountry "ESP"]

1. d4 d6 2. c4 e5 3. d5 f5 4. e4 fxe4 5. Nc3 Nf6 6. Nge2 Bf5 7. Ng3 Bg6 8. h4
h6 9. Qe2 Be7 10. h5 Bh7 11. Ngxe4 Nbd7 12. g3 O-O 13. Bg2 Qe8 14. Be3 a6 15.
b3 Kh8 16. g4 Nxe4 17. Bxe4 Bxe4 18. Nxe4 Nf6 19. Ng3 Nh7 20. O-O-O b5 21. Nf5
Bf6 22. c5 e4 23. Kb1 a5 24. cxd6 cxd6 25. Bd4 a4 26. b4 Bxd4 27. Rxd4 Ng5 28.
a3 Qe5 29. Qb2 Rfc8 30. Re1 Rc7 31. Rdd1 Qf4 32. Rc1 Rd7 33. Qe2 Nf3 34. Qxb5
Rad8 35. Red1 Qxg4 36. Ne3 Qxh5 37. Qxa4 Ne5 38. Rg1 Rf7 39. Qd1 Qh4 40. Qd4
Nf3 41. Qc3 Nxg1 42. Rxg1 Qxf2 43. Rf1 Qxf1+ 44. Nxf1 Rxf1+ 45. Kc2 Rf2+ 46.
Kd1 Rdf8 47. Qg3 R8f6 48. Ke1 R2f3 49. Qg4 Rxa3 50. Qxe4 Ra8 51. Kd2 Rb8 52.
Kc3 Rf7 53. Qc4 Rfb7 54. Qc6 Rb6 55. Qd7 R8b7 56. Qe6 Kh7 57. Kd3 g6 58. Ke3 h5
59. b5 Kg7 60. Kd3 h4 61. Kc4 Rxb5 62. Qxd6 Rb4+ 63. Kc3 h3 64. Qe5+ Kh7 65. d6
R4b5 66. Qh2 Rh5 67. Kd4 Rd7 68. Ke4 Kg7 69. Kf3 Rd5 70. Kg4 Rd3 71. Qe5+ Kh7
72. Kh4 R3xd6 73. Kxh3 Rd3+ 74. Kg2 Rb3 75. Qe2 Rdb7 76. Qe6 Rc3 77. Qe2 Rd7
78. Kh2 Rf7 79. Kg2 Rc5 80. Qe3 Rcf5 81. Qh3+ Kg7 82. Qe3 Rc7 83. Qd4+ Kf7 84.
Qd2 Re7 85. Kg3 Rfe5 86. Qf4+ Rf5 87. Qd2 Ra7 88. Qe3 Rb7 89. Qc3 Rd7 90. Qb3+
Rfd5 91. Kf4 Kf6 92. Qb2+ Rd4+ 93. Ke3 Kg5 94. Qg2+ Rg4 95. Qc6 Re7+ 96. Kf2
Rf7+ 97. Ke2 Kh5 98. Qh1+ Rh4 99. Qd5+ Rf5 100. Qe6 Rhf4 101. Qe8 Rf8 102. Qc6
g5 103. Qh1+ Rh4 104. Qg2 Re8+ 105. Kd3 Rf4 106. Qh1+ Kg6 107. Qc6+ Kf7 108.
Qd5+ Kf6 109. Qd6+ Kf7 110. Qd5+ Kf6 111. Qd6+ Re6 112. Qf8+ Kg6 113. Qg8+ Kf5
114. Qf7+ Rf6 115. Qd7+ Kg6 116. Qe8+ Rf7 117. Qg8+ Kh5 118. Qh8+ Kg4 119. Qh1
Rf3+ 120. Ke2 Rf2+ 121. Ke3 R7f3+ 122. Ke4 Re2+ 123. Kd4 Rff2 124. Qh6 Rd2+
125. Kc3 Rd5 126. Qe6+ Rdf5 127. Qe1 Kg3 128. Qg1+ Rg2 129. Qe1+ Kh2 130. Qe4
Rgf2 131. Qe7 R5f3+ 132. Kd4 Rf4+ 133. Ke3 g4 134. Qh7+ Kg2 135. Qb7+ R2f3+
136. Ke2 Ra4 137. Qd5 Rb4 138. Qe5 Rb2+ 0-1

[Event "Liga Madrileña - DH 2011-2012"]
[Site "Madrid ESP"]
[Date "2012.01.29"]
[Round "8.22"]
[White "Vazquez Igarza, Renier"]
[Black "Moreno Tejera, Emilio"]
[Result "1-0"]
[WhiteElo "2566"]
[BlackElo "2319"]
[PlyCount "97"]
[EventDate "2011.11.13"]
[EventType "team"]
[EventRounds "14"]
[EventCountry "ESP"]
[Source "lmi"]
[SourceDate "2011.11.13"]
[WhiteTeam "Collado Villalba"]
[BlackTeam "64 Villalba"]
[WhiteTeamCountry "ESP"]
[BlackTeamCountry "ESP"]

1. d4 f5 2. g3 Nf6 3. Bg2 g6 4. c4 Bg7 5. Nc3 d6 6. Nf3 O-O 7. O-O c6 8. Rb1
Ne4 9. Qc2 Nxc3 10. bxc3 e5 11. Rd1 e4 12. Ng5 h6 13. Nh3 g5 14. f3 d5 15. Nf2
Kh8 16. Ba3 Rf7 17. cxd5 cxd5 18. c4 Nc6 19. cxd5 exf3 20. dxc6 fxg2 21. d5 Qe8
22. Bb2 bxc6 23. Bxg7+ Kxg7 24. Qc3+ Kh7 25. dxc6 Ba6 26. Rb2 Rc8 27. Rd6 Bxe2
28. Kxg2 Ba6 29. Rb1 Qf8 30. Qd4 Qg7 31. Qd5 Rcf8 32. Re1 Bc8 33. Re5 Rf6 34.
h3 Qc7 35. Ne4 R6f7 36. Nc5 Qb6 37. Nd7 Bxd7 38. Rxd7 Qb2+ 39. Kf1 Kg7 40. Re2
Qb1+ 41. Kf2 f4 42. Qd4+ Kg8 43. Rxf7 fxg3+ 44. Kxg3 Rxf7 45. Re8+ Kh7 46. Rh8+
Kg6 47. Rg8+ Kf5 48. Qd5+ Kf6 49. Qd6+ 1-0

[Event "Liga Madrileña - DH 2011-2012"]
[Site "Madrid ESP"]
[Date "2012.01.29"]
[Round "8.23"]
[White "Renteria Becerra, Jorge Elicer"]
[Black "Moreno Ruiz, Javier"]
[Result "1-0"]
[WhiteElo "2328"]
[BlackElo "2513"]
[PlyCount "71"]
[EventDate "2011.11.13"]
[EventType "team"]
[EventRounds "14"]
[EventCountry "ESP"]
[Source "lmi"]
[SourceDate "2011.11.13"]
[WhiteTeam "64 Villalba"]
[BlackTeam "Collado Villalba"]
[WhiteTeamCountry "ESP"]
[BlackTeamCountry "ESP"]

1. e4 d6 2. d4 Nf6 3. f3 e5 4. Be3 Be7 5. c4 O-O 6. Ne2 c6 7. Nbc3 Nbd7 8. Qd2
a6 9. a4 a5 10. d5 Nc5 11. Rd1 Nfd7 12. Qc2 Na6 13. g3 Ndc5 14. Bg2 Bd7 15. b3
Rc8 16. O-O Qb6 17. Rb1 f5 18. Bh3 Qc7 19. exf5 Nb4 20. Qd2 Bxf5 21. Bxf5 Rxf5
22. Bxc5 dxc5 23. Ne4 cxd5 24. cxd5 Rd8 25. N2c3 c4 26. Kh1 cxb3 27. Rbd1 Qc4
28. d6 Bf8 29. Nd5 Nc6 30. Ne3 Qf7 31. Nxf5 Qxf5 32. Qd5+ Qf7 33. Qxf7+ Kxf7
34. f4 Ke8 35. fxe5 Nxe5 36. Nc5 1-0

[Event "Liga Madrileña - DH 2011-2012"]
[Site "Madrid ESP"]
[Date "2012.01.29"]
[Round "8.24"]
[White "Taboas Rodriguez, Daniel"]
[Black "Bolado Saez, Sergio"]
[Result "1-0"]
[WhiteElo "2418"]
[BlackElo "2361"]
[PlyCount "37"]
[EventDate "2011.11.13"]
[EventType "team"]
[EventRounds "14"]
[EventCountry "ESP"]
[Source "lmi"]
[SourceDate "2011.11.13"]
[WhiteTeam "Collado Villalba"]
[BlackTeam "64 Villalba"]
[WhiteTeamCountry "ESP"]
[BlackTeamCountry "ESP"]

1. d4 Nf6 2. Nf3 e6 3. c4 c5 4. d5 b5 5. Bg5 bxc4 6. e4 Qb6 7. Bxf6 gxf6 8.
Bxc4 Qxb2 9. Nbd2 Bg7 10. O-O O-O 11. Rb1 Qa3 12. Rb3 Qa5 13. Nh4 Kh8 14. Rh3
h6 15. Rg3 Rg8 16. Qh5 Qxd2 17. Qxf7 Bb7 18. Ng6+ Kh7 19. Nf8+ 1-0

[Event "Liga Madrileña - DH 2011-2012"]
[Site "Madrid ESP"]
[Date "2012.01.29"]
[Round "8.25"]
[White "Gongora Montes, Benjamin"]
[Black "Cao Armillas, Jesus"]
[Result "0-1"]
[WhiteElo "2217"]
[BlackElo "2174"]
[PlyCount "112"]
[EventDate "2011.11.13"]
[EventType "team"]
[EventRounds "14"]
[EventCountry "ESP"]
[Source "lmi"]
[SourceDate "2011.11.13"]
[WhiteTeam "64 Villalba"]
[BlackTeam "Collado Villalba"]
[WhiteTeamCountry "ESP"]
[BlackTeamCountry "ESP"]

1. e4 c5 2. Nf3 d6 3. d4 cxd4 4. Nxd4 Nf6 5. Nc3 a6 6. Bg5 e6 7. f4 Be7 8. Qf3
Qc7 9. O-O-O Nbd7 10. Bd3 h6 11. Bh4 g5 12. fxg5 Ne5 13. Qe2 Nfg4 14. Nf3 hxg5
15. Bxg5 Bxg5+ 16. Nxg5 Qc5 17. Kb1 Nf2 18. Na4 Qa7 19. Rdf1 Nxh1 20. Rxh1 Bd7
21. Nc3 O-O-O 22. h3 Rdg8 23. Nf3 Qc5 24. Rf1 Rg7 25. a3 Rhg8 26. g4 Rh8 27.
Nxe5 Qxe5 28. Rf3 Qd4 29. Bxa6 bxa6 30. Qxa6+ Kd8 31. Rd3 Qg1+ 32. Ka2 Qc5 33.
Qa8+ Qc8 34. Qa7 Qc7 35. Qa8+ Qc8 36. Qa7 Qc7 37. Qa8+ Bc8 38. Kb1 Rg5 39. Qa4
Qb6 40. Ne2 Rb5 41. b3 Bd7 42. Nd4 Ra5 43. Qc4 Ke7 44. Qc3 Rc8 45. Qd2 Rxa3 46.
Qg5+ Kf8 47. Qh6+ Ke8 48. Qh8+ Ke7 49. Qh4+ f6 50. e5 dxe5 51. Qh7+ Kd8 52. Ne2
Ra7 53. Qh8+ Kc7 54. Qxf6 Qa5 55. Rc3+ Kb8 56. Rxc8+ Bxc8 0-1

[Event "Liga Madrileña - DH 2011-2012"]
[Site "Madrid ESP"]
[Date "2012.01.29"]
[Round "8.26"]
[White "Cepeda Delgado, Camilo"]
[Black "Bermejo Arruego, Luis"]
[Result "0-1"]
[WhiteElo "2192"]
[BlackElo "2171"]
[PlyCount "82"]
[EventDate "2011.11.13"]
[EventType "team"]
[EventRounds "14"]
[EventCountry "ESP"]
[Source "lmi"]
[SourceDate "2011.11.13"]
[WhiteTeam "Collado Villalba"]
[BlackTeam "64 Villalba"]
[WhiteTeamCountry "ESP"]
[BlackTeamCountry "ESP"]

1. d4 d5 2. c4 c6 3. cxd5 cxd5 4. Nc3 Nf6 5. Nf3 Nc6 6. Bf4 a6 7. e3 Bg4 8. Be2
e6 9. O-O Be7 10. Rc1 O-O 11. h3 Bxf3 12. Bxf3 Ne8 13. Na4 Bd6 14. Bxd6 Nxd6
15. Nc5 Qe7 16. Re1 f5 17. Qb3 Na5 18. Qb4 Nac4 19. b3 a5 20. Qc3 Nb6 21. Rc2
Rfc8 22. Rec1 Nd7 23. Qe1 Nf6 24. Be2 Nfe4 25. Na4 Rxc2 26. Rxc2 b5 27. Nc5 b4
28. Na4 Rc8 29. Rxc8+ Nxc8 30. f3 Ned6 31. Qc1 h6 32. Ba6 Qd8 33. Qc6 Ne7 34.
Qc5 Ng6 35. Nb6 f4 36. exf4 Nxf4 37. Kh2 Qg5 38. g3 Nf5 39. gxf4 Qg3+ 40. Kh1
Qe1+ 41. Kg2 Nh4+ 0-1

[Event "Liga Madrileña - DH 2011-2012"]
[Site "Madrid ESP"]
[Date "2012.01.29"]
[Round "8.31"]
[White "Serrano Salvador, Eduardo"]
[Black "Valles Moreno, Ivan"]
[Result "1-0"]
[WhiteElo "2364"]
[BlackElo "2391"]
[PlyCount "49"]
[EventDate "2011.11.13"]
[EventType "team"]
[EventRounds "14"]
[EventCountry "ESP"]
[Source "lmi"]
[SourceDate "2011.11.13"]
[WhiteTeam "Moratalaz"]
[BlackTeam "Amigos del Retiro"]
[WhiteTeamCountry "ESP"]
[BlackTeamCountry "ESP"]

1. d4 Nf6 2. Nf3 c5 3. d5 b5 4. Bg5 Qb6 5. Bxf6 Qxf6 6. c3 d6 7. Qb3 Nd7 8. e3
a6 9. a4 bxa4 10. Qxa4 Rb8 11. Bxa6 Bxa6 12. Qxa6 Qf5 13. Qc6 g5 14. O-O Bh6
15. Ra7 Rd8 16. Nbd2 g4 17. Nh4 Qd3 18. Rxd7 Rxd7 19. Ra1 f6 20. Nf1 O-O 21.
Qxd7 f5 22. Qe6+ Kg7 23. Ng3 Bg5 24. Nhxf5+ Kh8 25. Ne4 1-0

[Event "Liga Madrileña - DH 2011-2012"]
[Site "Madrid ESP"]
[Date "2012.01.29"]
[Round "8.32"]
[White "Vallejo Diaz, Javier"]
[Black "Solaesa Navalpotro, Luis Julio"]
[Result "1/2-1/2"]
[WhiteElo "2367"]
[BlackElo "2270"]
[PlyCount "73"]
[EventDate "2011.11.13"]
[EventType "team"]
[EventRounds "14"]
[EventCountry "ESP"]
[Source "lmi"]
[SourceDate "2011.11.13"]
[WhiteTeam "Amigos del Retiro"]
[BlackTeam "Moratalaz"]
[WhiteTeamCountry "ESP"]
[BlackTeamCountry "ESP"]

1. e4 c6 2. d4 d5 3. Nd2 dxe4 4. Nxe4 Bf5 5. Ng3 Bg6 6. h4 h6 7. Nh3 Nf6 8. Nf4
Bh7 9. Bc4 Nbd7 10. O-O Nb6 11. Bb3 a5 12. a3 a4 13. Ba2 Nbd5 14. c4 Nxf4 15.
Bxf4 e6 16. d5 cxd5 17. cxd5 exd5 18. Re1+ Be7 19. Qe2 Ra6 20. Nh5 Nxh5 21.
Qxh5 O-O 22. Bxd5 Bxh4 23. Rad1 Qf6 24. g3 Bg5 25. Be3 Bg6 26. Qg4 Qf5 27. Qb4
Bh5 28. Be4 Qh3 29. Bg2 Qf5 30. Rd5 Qc8 31. f4 Bd8 32. Bd4 Bg4 33. Rde5 Re6 34.
Rxe6 Bxe6 35. f5 Bd7 36. Bxb7 Ba5 37. Bxc8 1/2-1/2

[Event "Liga Madrileña - DH 2011-2012"]
[Site "Madrid ESP"]
[Date "2012.01.29"]
[Round "8.33"]
[White "Rodriguez Yuste, Marcelo"]
[Black "Fernandez Garcia, Miguel Angel"]
[Result "0-1"]
[WhiteElo "2234"]
[BlackElo "2318"]
[PlyCount "86"]
[EventDate "2011.11.13"]
[EventType "team"]
[EventRounds "14"]
[EventCountry "ESP"]
[Source "lmi"]
[SourceDate "2011.11.13"]
[WhiteTeam "Moratalaz"]
[BlackTeam "Amigos del Retiro"]
[WhiteTeamCountry "ESP"]
[BlackTeamCountry "ESP"]

1. e4 c5 2. c4 Nc6 3. g3 g6 4. Bg2 Bg7 5. Ne2 Nf6 6. O-O O-O 7. Nbc3 Ne8 8. f4
Nc7 9. d3 Ne6 10. Be3 Ned4 11. Bf2 d6 12. Nxd4 Nxd4 13. h3 Bd7 14. Ne2 Nxe2+
15. Qxe2 Rb8 16. Rab1 b5 17. Rfd1 Qc7 18. cxb5 Bxb5 19. Qc2 Qa5 20. b3 Rfc8 21.
Be1 Qb6 22. Kh2 Bd4 23. Qd2 Qd8 24. Bf2 e6 25. Bxd4 cxd4 26. Rbc1 f5 27. exf5
gxf5 28. Re1 Kf7 29. a4 Bd7 30. b4 Bxa4 31. Qa2 Bd7 32. Rxc8 Qxc8 33. g4 fxg4
34. f5 Ke7 35. fxe6 g3+ 36. Kxg3 Qc3 37. Qf2 Bxe6 38. Bd5 Rg8+ 39. Kh2 Rg6 40.
Qh4+ Ke8 41. Qe4 Qd2+ 42. Re2 Qg5 43. Rg2 Qxd5 0-1